Riconosci il Pokémon - Quiz n°878 - Statistics

Statistiche generali
  • Questo quiz è stato fatto 4 volte
  • Il punteggio medio è 10 su 10
Statistiche sulle risposte
Indizio Risposta % Corretto
Altezza 0,3 m
100%
Tasso di cattura 255 (43.9%)
100%
Peso 3,5 kg; 3,8 kg (Alola)
100%
Sesso 50% ♂, 50% ♀
100%
Stadio evoluzione Forma Base
100%
Abilità Fugafacile; Dentistretti; Tuttafretta (Normale; Alola); Votacità (Alola); Grassospesso (Alola)
100%
Tasso di allevamento Medio-Veloce
100%
Tipo Normale; Buio / Normale (Alola)
100%
Generazione Prima
100%
Pokémon Rattata
100%
Nessun quiz corrispondente trovato
Distribuzione punteggi
Percentuale di utenti per punteggio
Percentile per numero di risposta
I tuoi punteggi nel tempo
Non hai fatto questo quiz